championsleague top 4 - Statistiken

Allgemein
  • Dieses Quiz wurde 170 mal gespielt
  • Das Durchschnittsergebnis liegt bei 72 aus 84
Antwortstatistiken
jahr Verein % Korrekt
2019 barcelona
99%
2015 barcelona
99%
2013 barcelona
99%
2012 barcelona
99%
2011 barcelona
99%
2010 barcelona
99%
2009 barcelona
99%
2008 barcelona
99%
2006 barcelona
99%
2024 real
99%
2023 real
99%
2022 real
99%
2021 real
99%
2018 real
99%
2017 real
99%
2016 real
99%
2015 real
99%
2014 real
99%
2013 real
99%
2012 real
99%
2011 real
99%
2024 bayern
97%
2020 bayern
97%
2018 bayern
97%
2016 bayern
97%
2015 bayern
97%
2014 bayern
97%
2013 bayern
97%
2012 bayern
97%
2010 bayern
97%
2024 dortmund
95%
2013 dortmund
95%
2021 chelsea
94%
2014 chelsea
94%
2012 chelsea
94%
2009 chelsea
94%
2008 chelsea
94%
2007 chelsea
94%
2005 chelsea
94%
2004 chelsea
94%
2023 inter
94%
2010 inter
94%
2022 liverpool
93%
2019 liverpool
93%
2018 liverpool
93%
2008 liverpool
93%
2007 liverpool
93%
2005 liverpool
93%
2023 man city
91%
2022 man city
91%
2021 man city
91%
2016 man city
91%
2024 psg
90%
2021 psg
90%
2020 psg
90%
2011 man u
89%
2009 man u
89%
2008 man u
89%
2007 man u
89%
2017 juve
86%
2015 juve
86%
2019 tottenham
85%
2019 ajax
83%
2017 atletico
83%
2016 atletico
83%
2014 atletico
83%
2009 arsenal
79%
2006 arsenal
79%
2023 milan
78%
2007 milan
78%
2006 milan
78%
2005 milan
78%
2004 porto
77%
2020 leipzig
68%
2020 lyon
68%
2010 lyon
68%
2022 villareal
49%
2006 villareal
49%
2018 as rom
46%
2011 schalke
43%
2017 as monaco
32%
2004 as monaco
32%
2005 eindhoven
13%
2004 deportiva la coruna
0%
Keine übereinstimmenden Quizze gefunden
Verteilung der Resultate
Anzahl Personen mit jedem Resultat
Perzentil nach korrekt beantworteten Fragen
Ihre Resultats-Entwicklung
Sie haben dieses Quiz noch nicht gespielt